| 000 | 00631nam a2200181 a 4500 | ||
|---|---|---|---|
| 001 | 000035276 | ||
| 005 | 20200930074226.0 | ||
| 008 | 111027s2000 dr 000 0 spa d | ||
| 020 | _a8400079736 | ||
| 040 |
_aDO-SdBNP _bspa _cBNPHU |
||
| 245 | 0 | 0 |
_aValles submarinos y sistemas turbidíticos modernos / _ceditores Belén Alonso y Gemma Ercilla. |
| 260 |
_aBarcelona : _bConsejo Superior de Investigaciones Científicas, _c2000. |
||
| 300 |
_a292 p. ; _c29 cm. |
||
| 700 | 1 | 2 |
_aAlonso, Belén _eed. _961040 |
| 700 | 1 | 2 |
_aErcilla, Gemma _eed. _961041 |
| 710 | 2 |
_aConsejo Superior de Investigaciones Científicas _94786 |
|
| 049 | _aBNPD | ||
| 999 |
_c34767 _d34767 |
||